Kinesiology for occupational theraphy
| Main Author: | Rybski, Melinda |
|---|---|
| Published: |
Thorofare:
Slack Incorporated,
2004.
|
| Subjects: |
| LEADER | 00553cam a2200181 7i4500 | ||
|---|---|---|---|
| 001 | 0000009382 | ||
| 005 | 20200616090000.0 | ||
| 020 | |a 1556424914 | ||
| 090 | 0 | 0 | |a QP303 |b .R93 2004 |
| 100 | 1 | |a Rybski, Melinda | |
| 245 | 1 | 0 | |a Kinesiology for occupational theraphy |c Melinda Rybski. |
| 260 | |a Thorofare: |b Slack Incorporated, |c 2004. | ||
| 300 | |a 252 p.: |b ill.; |c 28 cm. | ||
| 650 | 0 | 0 | |a Kinesiology |
| 650 | 0 | 0 | |a Musculoskeletal system |
| 650 | 0 | 0 | |a Human mechanics |
| 997 | |a Health Sciences, Faculty | ||
| 999 | |a 0000012540 |b BOK |c OPEN SHELF |e 1st Floor, Shah Alam | ||


